MDQL
is popping MORE tags! Check the
thread
!
Quizzes
Events
Quiz Creation
Community
Videos
Private Events
Remove Ads
Sign In
Join for FREE
Feedback
Dark Mode
Quiz Categories
Sports
Geography
Music
Movies
Television
Just For Fun
Miscellaneous
History
Literature
Language
Science
Gaming
Entertainment
Religion
Holiday
For Kids
Quiz Lab
Recent
Popular Today
Quiz Kudos Today
Editor Picks
Curator Picks
Quizzes by...
Day
Popularity
Type
Ratings
Length
Year
Community
Subscriptions
Recent Discussions
Orange Saloon
Badges
Playlists
Quests
Create
Leaderboards
Showdown
Live 5
Trivia Bingo
Activity
Puzzle Library
Sporcle Events
Private Events
Virtual Trivia
Globe League
Become a Host
Pub Owners
SporcleCon
Opinionation
Our Games
Videos
Blog
Mobile Apps
Partnerships
Remove Ads and Go Orange
Feedback
Gaming
Video Games
Board Games
Card Games
Pokémon
Mario
Nintendo
Minecraft
Console
Toys
Legend of Zelda
Gaming
Video Games
Board Games
Card Games
Pokémon
Mario
Nintendo
Minecraft
Console
Toys
Legend of Zelda
Random Quiz
Search Sporcle
×
Quiz Lab
Quiz Lab
Gaming
Dynasty Warriors
Type in answers that appear in a list
Type in answers that appear in a list
Classic
Best Score? Go Orange.
DW8: Jiang Wei Stats
Can you type the encyclopedia entry for Jiang Wei in Dynasty Warriors 8
By
xoxhinataxox
10m
56 Questions
9 Plays
9 Plays
9 Plays
Comments
Comments
Give Quiz Kudos
Give Quiz Kudos
-
- Ratings
hide this ad
Replay
Link that replays current quiz
Next Quiz
Link to next quiz in quiz playlist
You Got
0%
They Got
Avg Score
48%
Avg Friend Score
Upgrade to see
Score Distribution
Jump to the score distribution portion of the page
Score
0/56
Timer
10:00
0
Plays Today
Answer
% Correct
Shu.
88.9%
Zhuge
88.9%
Shu.
88.9%
Zhuge
88.9%
Zhuge
88.9%
and
88.9%
Zhuge
88.9%
Zhuge
88.9%
the
88.9%
officer
77.8%
of
77.8%
of
77.8%
Wei,
77.8%
Liang,
77.8%
Liang,
77.8%
Liang's
77.8%
Liang's
77.8%
Liang's
77.8%
An
66.7%
he
55.6%
to
55.6%
to
55.6%
to
55.6%
he
55.6%
was
55.6%
death,
55.6%
he
55.6%
to
55.6%
Answer
% Correct
to
55.6%
as
44.4%
with
44.4%
his
44.4%
After
44.4%
North.
44.4%
join
33.3%
attack
33.3%
strategy
22.2%
convince
22.2%
him
22.2%
loyal
22.2%
successor
22.2%
by
22.2%
Originally
11.1%
impressed
11.1%
who
11.1%
used
11.1%
Completely
11.1%
chosen
11.1%
entrusted
11.1%
all
11.1%
strategic
11.1%
knowledge.
11.1%
attempted
11.1%
fulfill
11.1%
wishes
11.1%
continuing
11.1%
Quiz Playlist
Details
Report
Send in Message
Add To Playlist
Classic:
Type in answers that appear in a list
Last Updated: Feb 16, 2017
Quiz Scoreboard
CHALLENGE
Sign Up to Join the Scoreboard
Show All
Scores
Hide
Comments
May contain spoilers
Recently Published
1-10 Letter E Words III
by El_Dandy
Language
2m
Street Fighter Characters
by Artimus82
Gaming
60s
College Basketball Coaching Resumes
by pancakes188
Sports
9m
More to Explore
Quiz From the Vault
Featured Blog Post
Where Did the Easter Bunny Come From?
hide this ad
You Might Also Like...
Tags
Dynasty Warriors
Today's Top Quizzes in Gaming
Browse Gaming
hide this ad
Top Contributed Quizzes in Gaming
1
5-to-1: Consoles
2
7-to-1: Board Game Piece Blitz
3
5-to-1: Legend of Zelda
4
League of Legends Pro Players by Career/Team History
5
Destiny 2 exotic weapons by perk icons
6
Ultimate Genshin Impact Logic Puzzle (up to 4.3)
7
Quick Pick: Video Games Lost in Translation
8
Franchise by Action Figure
9
Who's on the WWE 2K24 Cover?
10
Genshin Impact Logic Puzzle Quiz
Explore More
Trending Topics
Kpop
Disney
Marvel
Crossword
Harry Potter
NBA
Anime
Puzzle
Country
Pokémon
Soccer
The Office
NFL
WWE
Song
hide this ad
More By:
xoxhinataxox
Quiz
Plays
Rating
Category
Featured
Created
Top Female Characters in ASOIAF
7,775
4.89
Literature
Aug 3, 2013
ASOIAF: Characters by first letter
751
3.75
Literature
Mar 9, 2014
ASOIAF: House Frey
641
4.33
Literature
Jul 25, 2013
Dynasty Warriors Character Weapons
482
4.20
Gaming
Jul 4, 2014
Disowned Black Family Members
437
4.33
Literature
Jul 26, 2012
Go to Creator's Profile
Score Distribution
Quiz Creator Spotlight
xoxhinataxox
Follow
Send a Message
Quizzes Created
-
Created Quiz Play Count
-
More By This Creator
Popular Quizzes Today
1
Find the US States - No Outlines Minefield
2
Find the Countries of Europe - No Outlines Minefield
3
Find the US States
4
The Countries of the World
5
Risky Map Clicking: Biggest States A-Z
6
US States
7
Popular People in 1961
8
Movies - When Are They Set?
More Gaming Quizzes
Roblox Bedwars Kits
Quiz Lab
Trending Quizzes
Risky Map Clicking: Least Populous States A-Z
1-10 Letter G Words
Countries of the World: 200 Million BC
1-10 Letter F Words
Risky Map Clicking: Next State Alphabetically
Recently Updated
Rides in Walt Disney World
pecheneg
Most Oscar Losses (Acting)
pecheneg
Beyoncé Albums
pecheneg
Leaping Animals
pecheneg
Reality TV Shows (A-Z)
bhenderson79
Rickey Henderson's Hall of Fame Teammates
pecheneg
Champions League XIs: Arsenal
pecheneg
Quick Pick: Celebrities in WWE's Hall of Fame
aduchscher
A-Z Keypad Blitz II
pecheneg
Trending Topics
Disney
Marvel
Kpop
Crossword
Anime
Harry Potter
NBA
Song
Soccer
Puzzle
Country
NFL
The Office
WWE
Pokémon
Your Account Isn't Verified!
In order to create a playlist on Sporcle, you need to verify the email address you used during registration. Go to your
Sporcle Settings
to finish the process.
Report this User
Report this user for behavior that violates our
Community Guidelines
.
Details:
Send Report
Go to the Sporcle.com Mobile Site →
Comments